Letters of Zachary Taylor from the battle-fields of the Mexican war (Record no. 3658)

MARC details
000 -CABECERA
campo de control de longitud fija 01050nam a2200265 a 4500
001 - NÚMERO DE CONTROL
campo de control BRCA_3931
005 - FECHA Y HORA DE LA ÚLTIMA TRANSACCIÓN
campo de control 20190320204500.0
008 - DATOS DE LONGITUD FIJA--INFORMACIÓN GENERAL
campo de control de longitud fija 110110s1908----nyua######---#000-0#eng-#
041 ## - CÓDIGO DE LENGUA
Código de lengua del texto/banda sonora o título independiente eng
044 ## - CÓDIGO DEL PAÍS DE LA ENTIDAD EDITORA/PRODUCTORA
Código MARC del país nyu
050 #4 - SIGNATURA TOPOGRÁFICA DE LA BIBLIOTECA DEL CONGRESO
Número de clasificación E405.1
Número de documento/Ítem .T39 1908
100 1# - ENTRADA PRINCIPAL--NOMBRE DE PERSONA
Nombre de persona Taylor, Zachary
Fechas asociadas al nombre 1784-1850.
9 (RLIN) 10232
245 10 - MENCIÓN DE TÍTULO
Título Letters of Zachary Taylor from the battle-fields of the Mexican war
Resto del título : reprinted from the iriginals in the collection of Mr. William K. Bixby ; of st. Louis Mo. ; with introd., biographical notes, an appendix, and ilustrations from private plates.
260 ## - PUBLICACIÓN, DISTRIBUCIÓN, ETC.
Lugar de publicación, distribución, etc. Rochester, Nueva York
Nombre del editor, distribuidor, etc. s.e.
Fecha de publicación, distribución, etc. 1908
300 ## - DESCRIPCIÓN FÍSICA
Extensión 194 p.
Otras características físicas il.
Dimensiones 29 cm.
500 ## - NOTA GENERAL
Nota general Se imprimieron solo 300 copias para distribución privada.
500 ## - NOTA GENERAL
Nota general Incluye índice de autores: p. 189-194.
500 ## - NOTA GENERAL
Nota general Título en cubierta: Taylor Letters.
500 ## - NOTA GENERAL
Nota general C82
600 14 - PUNTO DE ACCESO ADICIONAL DE MATERIA--NOMBRE DE PERSONA
Nombre de persona Taylor, Zachary,
Fechas asociadas al nombre 1784-1850-Correspondencia, memorias, etc.
9 (RLIN) 10233
651 #4 - PUNTO DE ACCESO ADICIONAL DE MATERIA--NOMBRE GEOGRÁFICO
Nombre geográfico México
Subdivisión de forma Historia
9 (RLIN) 9143
651 #4 - PUNTO DE ACCESO ADICIONAL DE MATERIA--NOMBRE GEOGRÁFICO
Nombre geográfico Estados Unidos
Subdivisión de forma Historia
9 (RLIN) 10234
902 ## - CATALOGADOR
Iniciales GFM
942 ## - ELEMENTOS DE PUNTO DE ACCESO ADICIONAL (KOHA)
Fuente del sistema de clasificación o colocación Library of Congress Classification
Tipo de ítem Koha Libros
Holdings
Estado de retiro Estado de pérdida Estado dañado No para préstamo Localización permanente Ubicación/localización actual Fecha de adquisición Número de inventario Total de préstamos Signatura topográfica completa Código de barras Fecha visto por última vez Precio válido a partir de Tipo de ítem Koha
El ejemplar forma parte de la colección y puede ser consultado según las políticas vigentes.       Biblioteca del Museo Franz Mayer (Rogerio Casas-Alatriste) Biblioteca del Museo Franz Mayer (Rogerio Casas-Alatriste) 11/01/2010 C82   E405.1 .T39 1908 (C82) 3928 22/03/2019 22/03/2019 Libros